| 000 | 01124nam a22002537a 4500 | ||
|---|---|---|---|
| 999 |
_c1121 _d1121 |
||
| 003 | AR-CdUCM | ||
| 008 | 190226b ||||| |||| 00| 0 spa d | ||
| 040 |
_aMUNICIPALIDAD PROVINCIAL DEL CUSCO _cBIBLIOTECA MUNICIPAL DEL CUSCO |
||
| 082 |
_a362.70985 / _b S 2 |
||
| 100 |
_aSeminario Infancia y Violencia 2º _94388 |
||
| 245 |
_aInfancia y violencia : _bexperiencias y reflexiones sobre los niños y la violencia política en el Perú / |
||
| 260 |
_aLima : _bCEDAPP, _c1994. |
||
| 300 |
_a197 páginas ; _c20 cm. |
||
| 440 |
_aReflexiones en psicología _n5 _94389 |
||
| 500 | _aPonencias que reflexionan sobre la violencia política en el Perú, analizando sus efectos psicológicos en los niños; y tratando de dar soluciones integrales y psicosociales en la familia y la comunidad. | ||
| 650 |
_aPsicología institucional _94390 |
||
| 650 |
_aViolencia social _94391 |
||
| 650 |
_aRealidad Nacional _91454 |
||
| 650 |
_aCondiciones sociales _91132 |
||
| 650 |
_aAbuso del niño _94392 |
||
| 710 |
_aCentro de Desarrollo y Asesoría Psicosocial (Lima) _94393 |
||
| 942 |
_2ddc _cLIBROS |
||
| 945 |
_araen _d2019-02-26 |
||